000 00447cam a2200121 4500500
005 20250921012036.0
041 _afre
042 _adc
100 1 0 _agroupe de chercheurs, Un
_eauthor
245 0 0 _aLe réel et l’imaginaire dans la politique
260 _bL'Académie tunisienne (Beït al-Hikma),
_c2005.
856 4 1 _uhttps://shs.cairn.info/le-reel-et-limaginaire-dans-la-politique--9789973490215?lang=fr&redirect-ssocas=7080
999 _c1509918
_d1509918